000 00521nam a22002177a 4500
003 UA-OsUOA
001 52265
007 ta
008 20080208b un ||||| |||| 00| 0 ukr d
100 _aГай А.
090 _a908
_bГ-22
942 _cSA
040 _aUA-OsUOA
_bukr
_cUA-OsUOA
_dUA-OsUOA
245 _aОстрозька академія переписує історію
300 _aС.2
955 _a0
041 _aukr
080 _a908
773 0 _w52263
650 7 _a908 Краєзнавство
_2UDC
999 _c338358
_d338358